চেনা অচেনা ইউরোপ মহাদেশ / (Record no. 12326)
[ view plain ]
| 000 -LEADER | |
|---|---|
| fixed length control field | 00773nam a2200217 a 4500 |
| 001 - CONTROL NUMBER | |
| JCCL Control Number | 12326 |
| 003 - CONTROL NUMBER IDENTIFIER | |
| JCCL marc code | BD-JhCC |
| 005 - DATE AND TIME OF LATEST TRANSACTION | |
| control field | 20221107134024.0 |
| 008 - FIXED-LENGTH DATA ELEMENTS--GENERAL INFORMATION | |
| fixed length control field | 210601s2021 bg |||| |||| 000 0 ben d |
| 020 ## - INTERNATIONAL STANDARD BOOK NUMBER | |
| International Standard Book Number | 9789848073613 |
| 035 ## - SYSTEM CONTROL NUMBER | |
| system control number | (BD-JhCC)12326 |
| 040 ## - CATALOGING SOURCE | |
| Original cataloging agency | BD-JhCC |
| Modifying agency | BD-JhCC |
| 041 ## - LANGUAGE CODE | |
| Language code of Book | Bengla |
| 082 ## - DEWEY DECIMAL CLASSIFICATION NUMBER | |
| Classification number | 914 |
| Author mark and Year | MAZ 2021 |
| 100 ## - MAIN ENTRY--PERSONAL NAME | |
| Personal name | মজুমদার, এ কে এম আবদুল আউয়াল |
| 245 ## - TITLE STATEMENT | |
| Title | চেনা অচেনা ইউরোপ মহাদেশ / |
| Statement of responsibility, etc | এ কে এম আবদুল আউয়াল মজুমদার |
| 260 ## - PUBLICATION, DISTRIBUTION, ETC. (IMPRINT) | |
| Place of publication, distribution, etc | ঢাকা : |
| Name of publisher, distributor, etc | মুক্তচিন্তা, |
| Date of publication, distribution, etc | ২০২১। |
| 300 ## - PHYSICAL DESCRIPTION | |
| Pagination | ৬৩১ পৃ. : |
| Dimensions | ২১ সেমি. |
| 650 ## - SUBJECT ADDED ENTRY--TOPICAL TERM | |
| Topical term or geographic name as entry element | Travel |
| Geographic subdivision | Europe |
| 942 ## - ADDED ENTRY ELEMENTS (KOHA) | |
| Source of classification or shelving scheme | Dewey Decimal Classification |
| Koha item type | Books |
| Koha issues (borrowed), all copies | 1 |
| Source of classification or shelving scheme | Damaged status | Not for loan | Home library | Current library | Shelving location | Date of accession | Cost, normal purchase price | Total Checkouts | Full call number | Barcode | Date last seen | Date checked out | Copy number | Koha item type |
|---|---|---|---|---|---|---|---|---|---|---|---|---|---|---|
| Dewey Decimal Classification | JCC Rouf Library | JCC Rouf Library | General Stacks | 06/01/2021 | 680.00 | 1 | 914 MAZ 2021 | 16656 | 12/22/2022 | 11/06/2022 | C-1 | Books |